00489nam a2200193 a 4500001001300000003000900013005001700022008004100039020001000080082001700090100002400107245001800131260003800149300000900187500003500196505001400231650002600245700002400271nice12345678IN_TiNIC20260116011517.0050524s1952 laha grp 000 0 urd  ac3.500a922.97bIQB1 aIqbal, Sir Mohammad aRakht-E-Safar aLahorebSh. Muhammad Ashrafc1952 a188p aincludes index and biblioraphy2 areference aIqbal Muhammad-Poetry1 aIqbal, Sir Mohammad